Учитель. Г.6 1866, Т.6, №13/14 (Запись № 4639545)

Подробности
000 -МАРКЕР
контрольное поле 01772nam2a22002531 4500
001 - ИДЕНТИФИКАТОР ЗАПИСИ
контрольное поле RU\NLR\INFOCOMM21\5000037304
005 - ИДЕНТИФИКАТОР ВЕРСИИ
контрольное поле 20250617025130.0
035 ## - ДРУГИЕ СИСТЕМНЫЕ НОМЕРА
Идентификатор записи (NLR Aleph) 002394125
100 ## - ДАННЫЕ ОБЩЕЙ ОБРАБОТКИ
Данные общей обработки 20050117d1866 |||y0rusy50 ca
101 0# - ЯЗЫК РЕСУРСА
Язык текста, звукозаписи и т.д. русский
102 ## - СТРАНА ПУБЛИКАЦИИ ИЛИ ПРОИЗВОДСТВА
Страна публикации Российская Федерация
105 ## - ПОЛЕ КОДИРОВАННЫХ ДАННЫХ: ТЕКСТОВЫЕ МАТЕРИАЛЫ, МОНОГРАФИЧЕСКИЕ
Кодированные данные о монографическом текстовом документе y ||||000|y
200 0# - ЗАГЛАВИЕ И СВЕДЕНИЯ ОБ ОТВЕТСТВЕННОСТИ
Основное заглавие Г.6 1866, Т.6, №13/14
210 ## - ПУБЛИКАЦИЯ, РАСПРОСТРАНЕНИЕ И ДР.
Дата издания, распространения и т.д. 1866
Место издания, распространения и т.д. Б. м.
421 #0 - ПРИЛОЖЕНИЕ
Встроенное поле 2001#$aОтчет Новоузенской уездной земской управы на статью, помещенную в 40 № Самарских губернских ведомостей, по поводу устройства семи земских школ в Новоузенском уезде
-- 210##$a[СПб.$d1866]
-- 309##$a(Припл.)
Заглавие Отчет Новоузенской уездной земской управы на статью, помещенную в 40 № Самарских губернских ведомостей, по поводу устройства семи земских школ в Новоузенском уезде
461 #0 - УРОВЕНЬ НАБОРА
Встроенное поле 001RU\NLR\INFOCOMM21\5000037173
-- 2001#$aУчитель$eЖурн. для наставников, родителей и всех желающих заниматься воспитанием и обучением детей$vГ.6 1866, Т.6, №13/14
Системный номер (АБИС) связанной записи 4639500
Место публикации СПб.
Дата публикации 1861-1870
Имя издателя, распространителя и т.д. И. Паульсон и Н. Венсель
Сведения, относящиеся к заглавию Журн. для наставников, родителей и всех желающих заниматься воспитанием и обучением детей
Заглавие Учитель
Номер тома Г.6 1866, Т.6, №13/14
801 #1 - ИСТОЧНИК ЗАПИСИ
Страна Российская Федерация
Организация InfoComm
Дата составления 20050117
801 #0 - ИСТОЧНИК ЗАПИСИ
Страна Российская Федерация
Организация NLR
Правила каталогизации PSBO
852 ## - МЕСТОНАХОЖДЕНИЕ И ШИФР ХРАНЕНИЯ
Идентификатор организации NLR
Шифр хранения (Call Number) 2/1638н
942 ## - ДОПОЛНИТЕЛЬНЫЕ ЭЛЕМЕНТЫ ЗАПИСИ (АБИС)
Тип экземпляра АБИС Выпуск
980 ## - КОЛЛЕКЦИЯ
Название коллекции Национальная библиография
980 ## - КОЛЛЕКЦИЯ
Название коллекции Русская периодика

Нет доступных экземпляров.